| 000 | 00863cam a22002531 4500 | ||
|---|---|---|---|
| 001 | gs 36000026 | ||
| 003 | DLC | ||
| 005 | 20260227111340.0 | ||
| 008 | 790615s1936 nbua b s000 0 eng | ||
| 010 | _ags 36000026 | ||
| 035 | _a(OCoLC)5069529 | ||
| 040 |
_aDLC _cTxCM _dOCoLC _dDLC |
||
| 042 | _apremarc | ||
| 050 | 0 | 0 |
_aQE135 _b.A43 no. 10 |
| 100 | 1 |
_aCondra, Geo. E. _q(George Evert), _d1869-1958. |
|
| 245 | 1 | 0 |
_aWater-bearing formations of Nebraska, _cby G. E. Condra and E. C. Reed. |
| 260 |
_a[Lincoln] _bPublished by authority of the state of Nebraska, _c1936. |
||
| 300 |
_a24 p. _billus. |
||
| 410 | 2 | 0 |
_aNebraska Geological Survey _tPaper _vno. 10 |
| 500 | _aCover title. | ||
| 504 | _a"List of references, comp. by W. R. Johnson": p. 23-24. | ||
| 650 | 0 |
_aGroundwater _zNebraska. |
|
| 700 | 1 |
_aReed, E. C. _q(Eugene Clifton), _d1901- _ejoint author. |
|
| 999 |
_c27237 _d27237 |
||